000 00264nam a22001097a 4500
008 170110b xxu||||| |||| 00| 0 eng d
020 _a9780763711061
041 _aeng
080 _a618.2
245 _aUNDERSTANDING CULTURAL DIVERSITY
_cKELLEY, M.L
942 _2udc
_cBK
999 _c2634
_d2634